| 000 | 00622nam a2200229Ia 4500 | ||
|---|---|---|---|
| 003 | 0100 | ||
| 008 | 130303s9999 xx 000 0 und d | ||
| 020 | _a385188293 | ||
| 040 | _cARRUPELIB | ||
| 050 | _aHQ734.W571983 | ||
| 100 | _aWhitehead, Evelyn Eaton | ||
| 245 | _aMarrying well | ||
| 245 | _bstages on the journey of christian marriage | ||
| 260 | _aNew York | ||
| 260 | _bImage Books | ||
| 260 | _C1983 | ||
| 300 | _axix | ||
| 300 | _b 482 p.21 cm | ||
| 650 | _bEnlightenment - Europe - Intellectual life | ||
| 700 | _aEvelyn Eaton Whitehead and James D. Whitehead , Whitehead, James D | ||
| 942 | 0 | 0 | _01 |
| 999 |
_c14362 _d14362 |
||